000
00302nam a2200121 a 4500
008
970609s1987||||xx 0 und c
040
_a
SNK
_b
slo
_c
SNK
_e
AACR2
245
1
0
_a
Monumentrum tutela ochrana pamiatok 12
260
_a
Bratislava
_b
Obzor
_c
1987
020
_c
45
044
_a
xo
_c
SK
041
_a
slo
999
_c
14892
_d
14892